| 000 | 00614nam a22002177a 4500 | ||
|---|---|---|---|
| 003 | OSt | ||
| 005 | 20180420192124.0 | ||
| 008 | 180420b xxu||||| |||| 00| 0 eng d | ||
| 020 | _a9780273786542 | ||
| 040 | _cDDC | ||
| 082 | _a381 CHA 2015 | ||
| 100 |
_aChaffey, Dave _912618 |
||
| 245 | _aDigital Business and E-commerce Management: strategy, implementation and practice | ||
| 250 | _a6th ed. | ||
| 260 | _aEngland; Pearson, 2015 | ||
| 300 | _axxxi,680p;col.ill: 27cm | ||
| 504 | _aReferences, glossary, & index included | ||
| 650 |
_aMarkets _912619 |
||
| 650 |
_aE-commerce _912620 |
||
| 942 |
_2z _cB_BANK |
||
| 999 |
_c6097 _d6097 |
||